|
|
|
|
| LEADER |
00000nas a2200000 a 4500 |
| 001 |
ssj0001637 |
| 003 |
WaSeSS |
| 005 |
20200512172242.0 |
| 006 |
m d |
| 007 |
cr n |
| 008 |
980429c19579999gau x pss f0 0eng c |
| 010 |
|
|
|a 2002230641
|
| 016 |
7 |
|
|a 9879541
|2 DNLM
|
| 016 |
7 |
|
|a I12813000
|2 DNLM
|
| 016 |
7 |
|
|a 009850455
|2 Uk
|
| 022 |
|
|
|y 0019-9532
|
| 035 |
|
|
|a (WaSeSS)ssj0001637
|
| 040 |
|
|
|a FGA
|b eng
|c FGA
|d OCL
|d OCLCQ
|d GPO
|d OCLCQ
|d GPO
|d OCLCQ
|d LGG
|d OCLCQ
|d OCLCO
|d OCLCQ
|d OCLCF
|d TXA
|d OCLCO
|d OCLCQ
|d NPI
|d CUS
|d MUX
|d UKMGB
|d OCLCE
|d WT2
|d OCLCA
|d INARC
|d OCLCQ
|d WYU
|d TXU
|d LIP
|d UUM
|d VT2
|d GPO
|d OCLCQ
|d WaSeSS
|
| 042 |
|
|
|a pcc
|
| 043 |
|
|
|a n-us---
|
| 050 |
1 |
4 |
|a UD1
|b .I56
|
| 074 |
|
|
|a 0332-H (online)
|
| 086 |
0 |
|
|a D 102.83:
|
| 130 |
0 |
|
|a Infantry (Online)
|
| 245 |
1 |
0 |
|a Infantry
|h [electronic resource].
|
| 260 |
|
|
|a Fort Benning, Ga. :
|b U.S. Army Infantry School
|
| 310 |
|
|
|a Irregular,
|b Mar./June 1998-
|
| 321 |
|
|
|a Frequency varies,
|b <Jan./Feb. 1982>-Jan./Feb. 1998
|
| 362 |
1 |
|
|a Print began with vol. 47, no. 2 (Apr. 1957).
|
| 490 |
1 |
|
|a July/Aug. 1987- : P.B.
|
| 500 |
|
|
|a Publication in print format ends with v. 102, no. 4 (Oct./Dec. 2013).
|
| 506 |
|
|
|a License restrictions may limit access.
|
| 515 |
|
|
|a Suspended 2001.
|
| 588 |
0 |
|
|a Vol. 72, issue 1 (Jan./Feb. 1982); title from available issues listing (viewed Mar. 7, 2017).
|
| 588 |
1 |
|
|a Vol. 107, no. 4 (Oct./Dec. 2018) (viewed June 6, 2019).
|
| 650 |
|
0 |
|a Infantry
|v Periodicals.
|
| 650 |
|
0 |
|a Military art and science
|v Periodicals.
|
| 650 |
|
7 |
|a Military History & Science.
|2 ebps
|
| 650 |
|
7 |
|a Infantry.
|2 fast
|0 (OCoLC)fst00972095
|
| 650 |
|
7 |
|a Military art and science.
|2 fast
|0 (OCoLC)fst01020874
|
| 653 |
0 |
|
|a Military and naval science
|
| 655 |
|
0 |
|a Electronic journals.
|
| 710 |
2 |
|
|a United States Army Infantry School.
|
| 776 |
0 |
8 |
|i Print version, 1957-2013:
|t Infantry
|x 0019-9532
|w (DLC) 53051672
|w (OCoLC)4741952
|
| 776 |
0 |
8 |
|i Microfiche version:
|t Infantry
|w (DLC)sn 97034858
|w (OCoLC)27373066
|
| 830 |
|
0 |
|a PB (United States. Army)
|
| 856 |
4 |
0 |
|z Full text available from Research Library: 09/01/1996 to 10/31/2013
|u https://search.proquest.com/publication/34559
|
| 856 |
4 |
0 |
|z Full text available from Research Library: 01/01/2014 to present
|u https://search.proquest.com/publication/2034358
|